Statistics for Countries of the Indian Subcontinent on a Map

Click here to take the quiz!

General Stats

  • This quiz has been taken 64 times
  • The average score is 7 of 7

Answers on the Map

Answers color-coded by a green-red scale on the quiz's map according to % correct below.
 

Answer Stats

Country% Correct
India
100%
Pakistan
98%
Bangladesh
94%
Bhutan
94%
Nepal
94%
Sri Lanka
92%
Maldives
89%

Score Distribution

Percentile by Number Answered

Percent of People with Each Score

Your Score History

You have not taken this quiz